| 000 | 00432nam a22001697a 4500 | ||
|---|---|---|---|
| 003 | CEME | ||
| 005 | 20210628204135.0 | ||
| 008 | 210107b xxu||||| |||| 00| 0 eng d | ||
| 020 | _a9788126541720 | ||
| 040 | _c. | ||
| 082 | _a005.54 WAL | ||
| 100 |
_aWalkenbach, John _968907 |
||
| 245 | _aMicrosoft excel 2013 bible, the comprehensive tutorial resource | ||
| 260 |
_aINDIA _bWILEY _c2013 |
||
| 300 | _a1012P | ||
| 942 |
_cBK _2ddc |
||
| 999 |
_c576360 _d576360 |
||